Pasión de Cristo, pasion del mundo : hechos, interpretaciones y significado, ayer y hoy /
Zapisane w:
| 1. autor: | |
|---|---|
| Format: | Nieznany |
| Język: | Spanish |
| Wydane: |
España :
Sal Terrae,
1980.
|
| Wydanie: | 2. edición |
| Hasła przedmiotowe: | |
| Etykiety: |
Dodaj etykietę
Nie ma etykietki, Dołącz pierwszą etykiete!
|
MARC
| LEADER | 000000000a22000000004500 | ||
|---|---|---|---|
| 001 | 002167 | ||
| 020 | |a 842930584X | ||
| 041 | 0 | |a spa | |
| 082 | 0 | 4 | |a 232.96 |b B673p |
| 100 | 1 | |a Boff, Leonardo, |d 1938- | |
| 245 | 1 | 0 | |a Pasión de Cristo, pasion del mundo : |b hechos, interpretaciones y significado, ayer y hoy / |c Leonardo Boff. |
| 250 | |a 2. edición | ||
| 260 | 1 | |a España : |b Sal Terrae, |c 1980. | |
| 300 | |a 288 páginas ; |c 25 cm. | ||
| 650 | 4 | |a CRUCIFICCION DE JESUS | |
| 650 | 4 | |a PASION DE JESUS | |
| 650 | 4 | |a CRITICA LITERARIA | |
| 650 | 4 | |a PASION DEL MUNDO | |
| 999 | |c 8749 |d 8749 | ||
| 942 | |c BK |h 232.96 B673p |2 z | ||



